000
00332nam a2200145Ia 4500
003
OSt
008
191201s2014 xx 000 0 und d
082
_a
658.4034
_b
SHO
100
_a
SHARMA, S D
245
0
_a
Operations Research
260
_a
New Delhi
_b
Kedar Nath
_c
2014
300
_a
Misc
650
_a
B.Tech(ME)
942
_2
ddc
_c
BK
999
_c
6033
_d
6033